000 01020nam0a2200301 i 4500
001 RU\NLR\bibl\1960174
005 20260406012148.0
010 _a9785864716366
_bв пер.
_94000
021 _aRU
_b2012-75951
_95629
035 _a(nilc)RSL-KNO-005506579
035 _a(NLR Aleph) 001949197
090 _a3671616
_c3671616
100 _a20121010d2012 u y0rusy50 ca
101 1 _arus
_ceng
102 _aRU
105 _ay zzzz|||||
200 1 _aМальчик, который упал на Землю
_e[роман]
_fКэти Летт
_g[пер. с англ. Ш. Мартыновой]
210 _aМосква
_cФантом Пресс
_d2012
215 _a413, [2] с.
_d20
686 _aШ5(4Вл)62-644
_2rubbk
686 _aШ6(4Вл)67-440.4{Лх1299-50}
700 1 _4070
_8rus
_7ca
_aЛетт
_bК.
_gКэти
_3RU\NLR\auth\77117664
_9100589
801 0 _aRU
_bRuMoRKP
_c20121010
_grcr
801 1 _aRU
_bРГБ
_c20121010
801 2 _aRU
_bNLR
_c20121025
_grcr
942 _cBOOK
980 _aNBR